| 000 | 01475nam a2200421 i 4500 | ||
|---|---|---|---|
| 001 | 14463 | ||
| 003 | KOSZ 005 | ||
| 005 | 20200418132303.0 | ||
| 008 | 070608s1972 pl a f 001 0 pol | ||
| 015 | _aPB 1972/3193 | ||
| 040 |
_aWA N _cWA N _dKOSZ 005/EC _dKOSZ 005/HR |
||
| 046 | _k1972 | ||
| 080 | _a620.1 | ||
| 080 | _a669.1 | ||
| 080 | _a(084.1) | ||
| 100 | 1 |
_aSękowski, Kazimierz _d(1926- ). _eAutor |
|
| 245 | 1 | 0 |
_aAtlas struktur znormalizowanych stopów odlewniczych / _cKazimierz Sękowski, Jerzy Piaskowski, Zdzisław Wojtowicz. |
| 260 |
_aWarszawa : _bWydawnictwa Naukowo-Techniczne, _c1972. |
||
| 300 |
_a334 strony : _bilustracje ; _c27 cm. |
||
| 336 |
_aTekst _btxt _2rdacontent |
||
| 337 |
_aBez urządzenia pośredniczącego _bn _2rdamedia |
||
| 338 |
_aWolumin _bnc _2rdacarrier |
||
| 380 | _aKsiążki | ||
| 385 | _aPublikacje fachowe | ||
| 388 | _a1901-2000 | ||
| 388 | _a1945-1989 | ||
| 504 | _aBibliografia na stronach 330-[332]. Indeks. | ||
| 650 | 4 | _aStopy (metalurgia) | |
| 658 | _aInżynieria i technika | ||
| 650 | 4 | _aOdlewnictwo | |
| 655 | 4 | _aTablice i wzory | |
| 650 | 4 | _aMetalografia | |
| 700 | 1 |
_aPiaskowski, Jerzy _d(1922-2013). _eAutor |
|
| 700 | 1 |
_aWojtowicz, Zdzisław. _eAutor |
|
| 710 | 2 |
_aWydawnictwa Naukowo-Techniczne _4pbl. |
|
| 856 |
_uhttp://koha.tu.koszalin.pl/cgi-bin/koha/opac-detail.pl?biblionumber=14463 _yKatalog online BPK |
||
| 942 |
_2UKD _cKS |
||
| 999 |
_c14463 _d14463 |
||